000 00501nam a22001697a 4500
005 20140919111829.0
008 140919b2011 -ukil. | |||| 00| 0 eng d
041 _aeng
044 _axxk
082 0 4 _a580.73
_bR88a
245 0 0 _aRoyal Botanic Garden Edinburgh :
_bannual report 2010/11
260 _aEdinburgh,
_bRoyal Botanic Garden Edinburgh
_c2011
300 _a64 p.
_c28 cm.
650 4 _aJardines botánicos
_xplanes de acción
_927157
650 4 _aBotanic gardens
_927158
942 _2ddc
_cLIBRO
999 _c8717
_d8717